000 00609nam a2200241Ia 4500
003 OSt
005 20220918181928.0
006 a|||||r|||| 00| 0
007 ta
008 220917b |||||||| |||| 00| 0 eng d
024 _a29,435
037 _cTextual
040 _aARTS
_cARTS
_beng
041 _2eng
_aeng
082 _aO111,3N35,2, L0
100 _aFarrell J G
_951294
245 0 _aTroubles
260 _aLondon
_bFantana UK
_c1970
300 _a445p.
_ccm.
650 _aENGLISH LITERATURE
942 _hO111,3N35,2, L0
_cTEXL
_2CC
999 _c167275
_d167275